Statistics for Autonomous Regions: Karakalpakstan

Click here to take the quiz!

General Stats

  • This quiz has been taken 30 times
  • The average score is 8 of 14

Answer Stats

HintAnswer% Correct
Uzbek
96%
Lake on which Karakalpakstan liesAral Sea
93%
Kazakhstan
89%
Country where Karakalpakstan is locatedUzbekistan
89%
Countries bordering KarakalpakstanTurkmenistan
85%
Languages spokenKarakalpak
81%
The Soviets drained the lake above, which turned the northern part of Karakalpakstan into a ______Desert
74%
The Uzbek constitution states that Karakalpakstan can secede through a vote called a __________Referendum
59%
Capital and largest cityNukus
52%
Main ethnic groupKarakalpaks
37%
Syr Darya
26%
Rivers leading to the above lakeAmu Darya
22%
Former port city that is completely dried up and mostly abandonedMoynaq
11%
Current leaderSariev Kakhraman
0%

Score Distribution

Percentile by Number Answered

Percent of People with Each Score

Your Score History

You have not taken this quiz